000 00338 a2200157 4500
001 154865
040 _cEscola São Tomás de Aquino
100 _aFERRARO, Nicolau Gilberto
240 1 0 _aFísica Básica
_lpor
245 1 0 _aFísica Básica
300 _a697
362 0 _a1998
440 1 _aAtual
697 _aFÍSICA
942 _cBK
999 _c154865
_d154865